Leader xxxxxxxxxx
001 __ PCLIS00051000
005 __ 20221221121701.0
010 0_ |a978-986-5669-42-3|b上冊 : 平裝|dNT$250
010 0_ |a978-986-5669-43-0|b下冊 : 平裝|dNT$250
042 __ |anbim
100 __ |a20170410d2015 m y0chiy09 e
101 0_ |achi
102 __ |atw
105 __ |aa z 000ay
200 1_ |a路人的王牌|hII|i金角崢嶸|f雷雷夥伴作
205 __ |a[第1版]
210 __ |a新北市|c凌雲文創|d2015[民104]
215 0_ |a2冊(316, 284)面|c圖, 彩色摺圖|d21公分
225 2_ |a奇域紀|v24,29
410 _0 |12001 |a奇域紀|v24,29
517 1_ |a金角崢嶸|zeng
606 __ |2cst|a長篇小說
681 __ |a857.7|b8444 v.2
700 _0 |a雷雷夥伴|4作
801 _0 |atw|bLibDipper|c20170410|gCCR
801 _1 |atw|b內湖高中|c20170425|gCCR
801 _2 |atw|b內湖高中|c20221221|gCCR
|